The 10 smallest country of europe - Statistics

General Stats
  • This quiz has been taken 31 times
    12 since last reset
  • The average score is 9 of 10
Answers on the Map
Answers color-coded by a green-red scale on the quiz's map according to % correct below.
 
Answer Stats
Answer % Correct
Luxembourg
100%
Andorra
90%
Malta
90%
Monaco
90%
San Marino
90%
Vatican
90%
Kosovo
80%
Liechtenstein
80%
Montenegro
80%
Slovenia
80%
No matching quizzes found
Score Distribution
Percent of People with Each Score
Percentile by Number Answered
Your Score History
You have not taken this quiz since the last reset